Filmy animowane - Statystyki

Ogólne statystyki
  • Ten quiz został rozwiązany 1 783 razy
  • Średni wynik to 11 z 12
Statystyki odpowiedzi
Obrazkowy Odpowiedź % Poprawnych
Shrek
100%
Madagaskar
99%
Minionki
97%
Toy Story
97%
Kung Fu Panda
96%
Piękna i Bestia
94%
Gdzie jest Nemo?
92%
Iniemamocni
91%
Zwierzogród
86%
Królewna Śnieżka i siedmiu krasnoludków
83%
Odlot
81%
WALL·E
74%
Nie znaleziono quizów pasujących do podanych kryteriów
Rozkład punktacji
Procent ludzi z każdym wynikiem
Percentyl według liczby udzielonych odpowiedzi
Twoja historia wyników
Nie rozwiązałeś tego quizu